=LDR 00000nam 2200000 4500 =001 NUTBA000000000002660 =005 20140624111950.0 =006 =007 =008 =020 ##$$a 978-979-29-1725-3 =035 ##$$a 0010-061400000000603 =040 ##$$a NBPDMAT =082 ##$$a 633.82 =090 ##$$a 633.82 $b Agu p =100 ##$$a Agus Ramada Setiadi =245 ##$$a Panduan lengkap agribisnis vanili / $c Agus Ramada Setiadi ; editor, FI.Sigit Suryantoro =260 ##$$a Yogyakarta : $b Andi, $c 2010 =300 ##$$a x, 94 hlm. : $b ilus. ; $c 21 cm. =650 ##$$a Panili =700 ##$$a FI.Sigit Supriyantoro =850 ##$$a NBPDMAT =990 ##$$a 212402932 =990 ##$$a 31701555 =990 ##$$a 21402932 =990 ##$$a 21402933 =990 ##$$a 21402934 =990 ##$$a 21402935 =990 ##$$a 21402936 =990 ##$$a 31701555 =990 ##$$a 21402932 =990 ##$$a 21402933 =990 ##$$a 21402934 =990 ##$$a 21402935 =990 ##$$a 21402936